Sports Quiz

Random Sports or Baseball Quiz

Clickable Baseball Quotes Quiz Stats

Quiz not verified by Sporcle

Challenge
Share
Tweet
Embed
Score 0/25 Timer 05:00
0 Plays Today
% Correct
Yogi Berra
84.6%
Ernie Banks
74.9%
Reggie Jackson
71.7%
Harry Caray
68.8%
Phil Rizzuto
68.5%
Mel Allen
65.2%
Pete Rose
57.9%
Wee Willie Keeler
56.3%
Mickey Mantle
56.3%
Leo Durocher
54.3%
Tug McGraw
50.6%
Jerry Coleman
50.2%
Satchel Paige
49.4%
% Correct
Bob Uecker
49.4%
Walt Whitman
43.3%
Willie McCovey
41.7%
Jackie Robinson
40.1%
Casey Stengel
38.5%
Warren Spahn
36.8%
Babe Ruth
36.4%
Willie Stargell
36%
A. Bartlett Giamatti
34.4%
Connie Mack
32.4%
Tom Treblehorn
20.6%
Dan Quisenberry
19%

You're not logged in!

Compare scores with friends on all Sporcle quizzes.
Sign Up with Email
OR
Log In

You Might Also Like...

Show Comments

Extras

Top Quizzes Today


Score Distribution

Your Account Isn't Verified!

In order to create a playlist on Sporcle, you need to verify the email address you used during registration. Go to your Sporcle Settings to finish the process.